Länderflaggen aber ich habe sie mit Paint gemalt 2# - Statistiken

Allgemein
  • Dieses Quiz wurde 31 mal gespielt
  • Das Durchschnittsergebnis liegt bei 20 aus 24
Antwortstatistiken
Bildquiz Antwort % Korrekt
Kanada
100%
Lettland
97%
Finnland
93%
Georgien
93%
Island
93%
Russland
93%
Bosnien und Herzegowina
90%
Niederlande
90%
Nigeria
90%
Slowenien
90%
Ungarn
90%
Elfenbeinküste
87%
Bahrain
83%
Tschad
83%
Botswana
80%
Katar
80%
Armenien
77%
Vietnam
77%
Burundi
70%
Tuvalu
70%
Zentral Afrikanische Republik
70%
Afghanistan
67%
Senegal
67%
Togo
67%
Keine übereinstimmenden Quizze gefunden
Verteilung der Resultate
Anzahl Personen mit jedem Resultat
Perzentil nach korrekt beantworteten Fragen
Ihre Resultats-Entwicklung
Sie haben dieses Quiz noch nicht gespielt